Statistics for Can You Pick The HOF QBs

Click here to take the quiz!

General Stats

  • This quiz has been taken 55 times
  • The average score is 20 of 25

Answer Stats

QuestionTileSelect% Correct
HOF QBsJohn ElwayYes
97%
HOF QBsBart StarrYes
95%
HOF QBsMark BrunellNo
95%
HOF QBsDan FoutsYes
92%
HOF QBsDrew BledsoeNo
92%
HOF QBsMatt HasselbeckNo
92%
HOF QBsMatt SchaubNo
92%
HOF QBsOtto GrahamYes
92%
HOF QBsWarren MoonYes
89%
HOF QBsDaunte CulpepperNo
87%
HOF QBsTom BradyNo
84%
HOF QBsVinny TestaverdeNo
79%
HOF QBsBob GrieseYes
76%
HOF QBsJim EverettNo
76%
HOF QBsSteve McNairNo
76%
HOF QBsKen StablerYes
74%
HOF QBsKen AndersonNo
71%
HOF QBsPhil SimmsNo
71%
HOF QBsSammy BaughYes
71%
HOF QBsYA TittleYes
71%
HOF QBsSonny JurgensenYes
68%
HOF QBsBoomer EsiasonNo
66%
HOF QBsSid LuckmanYes
66%
HOF QBsJoe TheismsannNo
55%
HOF QBsJim PlunkettNo
45%

Score Distribution

Percentile by Number Answered

Percent of People with Each Score

Your Score History

You have not taken this quiz